[Event "SR 1. liga zapad 2011/2012"]
[Site "?"]
[Date "2012.02.05"]
[Round "9.6"]
[White "Srvatka, Igor"]
[Black "Maslik, Miroslav"]
[Result "1/2-1/2"]
[WhiteElo "2226"]
[BlackElo "2356"]
[PlyCount "142"]
[EventDate "2011.??.??"]

1. d4 Nf6 2. c4 e6 3. Nf3 b6 4. g3 c6 5. Bg2 d5 6. Ne5 Nbd7 7. Nxd7 Nxd7 8. O-O
Be7 9. Nc3 O-O 10. Bf4 Bb7 11. cxd5 cxd5 12. Rc1 Nf6 13. Qb3 Qd7 14. Rc2 Rfc8
15. Rfc1 Nh5 16. Bd2 Rc4 17. Nb5 Rxc2 18. Rxc2 Bc6 19. Nc3 Nf6 20. Rc1 Ne8 21.
Qc2 Rc8 22. Qb1 Nd6 23. b3 b5 24. Nd1 Nf5 25. e3 b4 26. Nb2 Bb5 27. Bf1 Bxf1
28. Kxf1 Rxc1+ 29. Bxc1 Nd6 30. Bd2 Ne4 31. Qd3 a5 32. Na4 Qc6 33. f3 Nd6 34.
Ke2 Nb5 35. Kd1 h5 36. Be1 g6 37. Qc2 Qa6 38. Qe2 Qc6 39. Qc2 Qa6 40. Qe2 Bd6
41. h3 e5 42. dxe5 Bxe5 43. g4 hxg4 44. hxg4 d4 45. exd4 Bxd4 46. Bd2 Kg7 47.
Qc4 Qb7 48. Qd3 Qc6 49. Ke2 Bf6 50. Be3 Qe8 51. Kd2 Qe5 52. f4 Qb8 53. g5 Ba1
54. Kc2 Qb7 55. Kd2 Qg2+ 56. Qe2 Qd5+ 57. Qd3 Qg2+ 58. Qe2 Qd5+ 59. Qd3 Bc3+
60. Nxc3 bxc3+ 61. Kc2 Qg2+ 62. Kd1 Qf3+ 63. Kc2 Qg2+ 64. Kd1 Qf3+ 65. Kc2 Kh7
66. a4 Qg2+ 67. Kd1 Qf3+ 68. Kc2 Qg2+ 69. Kd1 Qh1+ 70. Kc2 Qh2+ 71. Kd1 Qh1+
1/2-1/2

[Event "SR 1. liga zapad 2011/2012"]
[Site "?"]
[Date "2012.02.05"]
[Round "9.6"]
[White "Sukuba, Zdeno"]
[Black "Antol, Ladislav"]
[Result "1/2-1/2"]
[WhiteElo "2101"]
[BlackElo "2080"]
[PlyCount "105"]
[EventDate "2011.??.??"]

1. c4 Nf6 2. Nc3 e6 3. Nf3 d5 4. d4 c5 5. cxd5 Nxd5 6. e3 cxd4 7. Nxd5 Qxd5 8.
Qxd4 Nc6 9. Qxd5 exd5 10. Bd2 Bg4 11. Bb5 Bxf3 12. gxf3 a6 13. Ba4 b5 14. Bb3
O-O-O 15. Rc1 Kb7 16. e4 dxe4 17. fxe4 Bb4 18. Bd5 Bxd2+ 19. Kxd2 Rd6 20. Rxc6
Rxc6 21. Rc1 Rhc8 22. f4 Kb6 23. Rxc6+ Rxc6 24. Bxc6 Kxc6 25. b4 Kd6 26. Ke3 f6
27. h4 g6 28. Kf3 h6 29. Kg4 Ke7 30. f5 g5 31. e5 fxe5 32. hxg5 hxg5 33. Kxg5
Kf7 34. f6 e4 35. Kf4 Kxf6 36. Kxe4 Ke6 37. Kd4 Kd6 38. a3 Kc6 39. Ke5 a5 40.
Ke6 axb4 41. axb4 Kc7 42. Kd5 Kb6 43. Kd6 Kb7 44. Kc5 Kc7 45. Kxb5 Kb7 46. Kc5
Kc7 47. b5 Kb7 48. b6 Kb8 49. Kb5 Kb7 50. Ka5 Kb8 51. Ka6 Ka8 52. b7+ Kb8 53.
Kb6 1/2-1/2

[Event "SR 1. liga zapad 2011/2012"]
[Site "?"]
[Date "2012.02.05"]
[Round "9.6"]
[White "Veres, Andrej"]
[Black "Machalova, Erika"]
[Result "1-0"]
[WhiteElo "2174"]
[BlackElo "2102"]
[PlyCount "67"]
[EventDate "2011.??.??"]

1. d4 Nf6 2. Nf3 e6 3. c4 b6 4. g3 Bb7 5. Bg2 d6 6. O-O Be7 7. Nc3 O-O 8. Qc2
Nbd7 9. Bg5 Qc8 10. e4 e5 11. d5 Qd8 12. Bd2 Ne8 13. Ne1 g6 14. Bh6 Ng7 15. f4
exf4 16. gxf4 Bf6 17. Nf3 Re8 18. Rae1 Nh5 19. Qd2 Bh8 20. Nd4 Bg7 21. Bg5 Bf6
22. Bxf6 Nhxf6 23. Nc6 Bxc6 24. dxc6 Nc5 25. b4 Ne6 26. f5 Ng7 27. fxg6 fxg6
28. e5 Nfh5 29. exd6 Rxe1 30. Rxe1 Nf6 31. d7 Qf8 32. Nb5 Qd8 33. Qf4 Nf5 34.
Nxc7 1-0

[Event "SR 1. liga zapad 2011/2012"]
[Site "?"]
[Date "2012.02.05"]
[Round "9.7"]
[White "Zahorsky, Robert"]
[Black "Hecko, Dusan"]
[Result "1/2-1/2"]
[WhiteElo "1996"]
[BlackElo "2123"]
[Annotator "Fritz 12 (20s)"]
[PlyCount "55"]
[EventDate "2011.??.??"]

{A54: Old Indian Defence with Nf3, but without e4} 1. d4 Nf6 2. c4 d6 3. Bg5
Nbd7 4. Nc3 e5 5. e3 Be7 6. Nf3 O-O 7. Be2 c6 8. O-O Re8 9. Qc2 Qc7 10. dxe5 {N
} Nxe5 11. Nxe5 dxe5 $11 12. Rfd1 Be6 13. h3 {Covers g4} Rad8 14. Rac1 Rxd1+
15. Rxd1 Rd8 16. Bh4 Rxd1+ 17. Qxd1 Qd7 18. Qxd7 Bxd7 19. Bg3 Bd6 20. a3 a5 21.
Kf1 Kf8 22. Ke1 Be6 23. Kd2 Ke7 24. Bh4 Kd7 25. f3 Ne8 26. Ne4 f5 27. Nxd6 Nxd6
28. c5 1/2-1/2

[Event "SR 1. liga zapad 2011/2012"]
[Site "?"]
[Date "2012.03.03"]
[Round "10.1"]
[White "Helbich, Branislav"]
[Black "Hertel, Ondrej"]
[Result "1/2-1/2"]
[WhiteElo "2036"]
[BlackElo "2073"]
[PlyCount "110"]
[EventDate "2011.??.??"]

1. e4 c6 2. d4 d5 3. e5 Bf5 4. g4 Be4 5. f3 Bg6 6. h4 h5 7. g5 e6 8. Ne2 c5 9.
c3 Nc6 10. a3 c4 11. Ng3 b5 12. Be3 Nge7 13. Nd2 Nf5 14. Kf2 a5 15. Be2 Nxg3
16. Kxg3 Bf5 17. f4 g6 18. Nf1 Qd7 19. Kf2 Be7 20. Ng3 Kd8 21. Nxf5 exf5 22.
Bf3 Kc7 23. b3 a4 24. bxc4 bxc4 25. Qc2 Na5 26. Kg3 Nb3 27. Ra2 Qe6 28. Qg2
Rad8 29. Bc1 Rd7 30. Rc2 Rb8 31. Bb2 Kb6 32. Rd1 Ka7 33. Be2 Na5 34. Rdd2 Rdd8
35. Bd1 Rb5 36. Rf2 Rdb8 37. Rce2 Nb3 38. Qg1 Bd8 39. Rh2 Be7 40. Reg2 Ka6 41.
Re2 R8b6 42. Qe1 Qc8 43. Rhf2 Re6 44. Qh1 Qf8 45. Qg2 Ra5 46. Qf3 Bxa3 47. Bxa3
Qxa3 48. Ra2 Qe7 49. Qh1 Rb6 50. Bf3 Rbb5 51. Rfe2 a3 52. Rec2 Qe6 53. Re2 Ka7
54. Rec2 Ka6 55. Re2 Ka7 1/2-1/2

[Event "SR 1. liga zapad 2011/2012"]
[Site "?"]
[Date "2012.03.03"]
[Round "10.1"]
[White "Lanc, Alois"]
[Black "Maslik, Miroslav"]
[Result "1/2-1/2"]
[WhiteElo "2367"]
[BlackElo "2356"]
[PlyCount "67"]
[EventDate "2011.??.??"]

1. e4 e6 2. d4 d5 3. Nc3 Nf6 4. Bg5 Bb4 5. e5 h6 6. Bd2 Bxc3 7. Bxc3 Ne4 8. Bb4
c5 9. Bxc5 Nxc5 10. dxc5 Nc6 11. Nf3 Qc7 12. Qe2 Qa5+ 13. Qd2 Qxc5 14. Bd3 Bd7
15. O-O O-O 16. c3 f6 17. Rfe1 fxe5 18. Nxe5 Nxe5 19. Rxe5 Rf6 20. Qe3 Qxe3 21.
Rxe3 Rc8 22. Rd1 a5 23. g3 g5 24. Bf1 b5 25. Rd4 Rcf8 26. Re2 Kg7 27. h4 R6f7
28. Red2 Bc6 29. Rg4 Kf6 30. f4 gxf4 31. Rxf4+ Ke7 32. Rdf2 b4 33. Rxf7+ Rxf7
34. Rxf7+ 1/2-1/2

[Event "SR 1. liga zapad 2011/2012"]
[Site "?"]
[Date "2012.03.03"]
[Round "10.1"]
[White "Liptak, Dusan"]
[Black "Bednar, Jan"]
[Result "0-1"]
[WhiteElo "2075"]
[BlackElo "2128"]
[PlyCount "80"]
[EventDate "2011.??.??"]

1. d4 Nf6 2. c4 e6 3. Nf3 b6 4. a3 Bb7 5. Nc3 d5 6. cxd5 exd5 7. g3 Be7 8. Bg2
O-O 9. O-O Nbd7 10. Bf4 c6 11. Qa4 a5 12. Bh3 b5 13. Qc2 Nh5 14. Be5 f6 15. Bf4
Nxf4 16. gxf4 Bd6 17. Kh1 Nb6 18. Bf5 h6 19. Be6+ Rf7 20. Bxf7+ Kxf7 21. Rg1
Qc7 22. Rac1 Nc4 23. b3 Bxa3 24. bxc4 Bxc1 25. Qxc1 dxc4 26. Qc2 Rg8 27. Qf5
Qe7 28. Ne4 g6 29. Ne5+ Qxe5 30. Qd7+ Qe7 31. Nd6+ Kf8 32. Qxe7+ Kxe7 33. Nxb7
a4 34. f5 g5 35. Kg2 a3 36. Kf3 Ra8 37. Ke3 b4 38. Kd2 a2 39. Ra1 b3 40. Kc3
Rb8 0-1

[Event "SR 1. liga zapad 2011/2012"]
[Site "?"]
[Date "2012.03.03"]
[Round "10.1"]
[White "Lukac, Roman"]
[Black "Federic, Jozef"]
[Result "0-1"]
[WhiteElo "2165"]
[BlackElo "2270"]
[PlyCount "66"]
[EventDate "2011.??.??"]

1. e4 c5 2. Nf3 e6 3. d4 cxd4 4. Nxd4 Nf6 5. Nc3 Nc6 6. Be2 Bb4 7. Qd3 O-O 8.
O-O d6 9. Rd1 Ne5 10. Qe3 Qb6 11. Ndb5 Bc5 12. Qg3 a6 13. Na4 Bxf2+ 14. Qxf2
Qxf2+ 15. Kxf2 axb5 16. Nb6 Ra6 17. Nxc8 Rxc8 18. c3 Nxe4+ 19. Ke3 d5 20. Bxb5
Ra5 21. Be2 f5 22. h4 Ra4 23. Rd4 Rxd4 24. cxd4 Nc6 25. a3 Na5 26. Bd1 Kf7 27.
b4 Rc3+ 28. Kf4 Nc4 29. a4 Kf6 30. Be2 e5+ 31. dxe5+ Nxe5 32. Be3 Ng6+ 33. Kf3
Nxh4+ 0-1

[Event "SR 1. liga zapad 2011/2012"]
[Site "?"]
[Date "2012.03.03"]
[Round "10.1"]
[White "Machalova, Erika"]
[Black "Doucha, Ludvik"]
[Result "0-1"]
[WhiteElo "2102"]
[BlackElo "2102"]
[PlyCount "120"]
[EventDate "2011.??.??"]

1. d4 Nf6 2. c4 c5 3. d5 e5 4. Nc3 d6 5. e4 g6 6. g3 Bg7 7. Bg2 O-O 8. Nge2 Nh5
9. O-O a6 10. a4 Nd7 11. Qc2 f5 12. f4 exf4 13. Nxf4 Nxf4 14. Bxf4 Ne5 15. Ne2
Rb8 16. a5 b5 17. axb6 Qxb6 18. Ra2 Qb3 19. Qxb3 Rxb3 20. Nc1 Rb6 21. b3 Ng4
22. h3 Bd4+ 23. Kh1 Ne3 24. Re1 Nxg2 25. Kxg2 Re8 26. Rae2 fxe4 27. Rxe4 Rxe4
28. Rxe4 Kf7 29. Re2 Bf5 30. g4 Bb1 31. Kf3 Bf6 32. Kg2 a5 33. Bd2 Ra6 34. Bf4
a4 35. bxa4 Rxa4 36. Bxd6 Rxc4 37. Nb3 Be4+ 38. Kh2 Bxd5 39. Nxc5 Bh4 40. Nd3
Rc3 41. Nf2 Rf3 42. Ne4 Bc4 43. Rd2 Bd3 44. Bg3 Be7 45. Nf2 Bb5 46. Rc2 Ke6 47.
Rd2 h5 48. gxh5 gxh5 49. h4 Rb3 50. Rd4 Bc6 51. Rc4 Bd5 52. Ra4 Bc5 53. Ra6+
Kf5 54. Ra4 Rb2 55. Kg1 Rc2 56. Ra5 Rc3 57. Kh2 Rc1 58. Bd6 Bxd6+ 59. Kh3 Ke6
60. Ra4 Rc3+ 0-1

[Event "SR 1. liga zapad 2011/2012"]
[Site "?"]
[Date "2012.03.03"]
[Round "10.1"]
[White "Machalova, Veronika"]
[Black "Nicolini, Alexander"]
[Result "1-0"]
[WhiteElo "2209"]
[BlackElo "2154"]
[PlyCount "111"]
[EventDate "2011.??.??"]

1. e4 c6 2. d4 d5 3. exd5 cxd5 4. Bd3 Nc6 5. c3 g6 6. Qc2 Bg7 7. Bf4 Nf6 8. Nf3
O-O 9. O-O Nh5 10. Be3 Qd6 11. h3 Nf4 12. Bxf4 Qxf4 13. Qd2 Qd6 14. Na3 a6 15.
Nc2 Bd7 16. Rfe1 Rad8 17. Qe2 Qf4 18. Ne3 Bc8 19. Nc2 Rfe8 20. Qe3 Bh6 21. Qe2
Bg7 22. Qe3 Qxe3 23. Nxe3 Kf8 24. Rad1 f6 25. Bc2 Be6 26. a3 Bf7 27. Bb3 b5 28.
Ba2 Rd7 29. Rd2 Na5 30. Rde2 Nc4 31. g4 Rb8 32. Ng2 g5 33. Ne3 Nxe3 34. Rxe3 h5
35. Bb1 hxg4 36. hxg4 e6 37. Nd2 e5 38. Nb3 Rc7 39. Bf5 Rb6 40. Nc5 Ke7 41. Nd3
a5 42. dxe5 fxe5 43. Nxe5 Bxe5 44. Rxe5+ Kf6 45. Bd3 Be6 46. f3 b4 47. axb4
axb4 48. cxb4 Ra7 49. Kf2 Ra4 50. Bf5 Bf7 51. Bc2 Raxb4 52. Rf5+ Kg6 53. Rxd5+
Kf6 54. Rf5+ Kg6 55. b3 Be6 56. Rxe6+ 1-0

[Event "SR 1. liga zapad 2011/2012"]
[Site "?"]
[Date "2012.03.03"]
[Round "10.1"]
[White "Miklas, Marian"]
[Black "Machalova, Maria"]
[Result "1-0"]
[WhiteElo "2143"]
[BlackElo "2184"]
[PlyCount "129"]
[EventDate "2011.??.??"]

1. Nf3 c5 2. c4 Nc6 3. g3 g6 4. Bg2 Bg7 5. Nc3 Nf6 6. d4 cxd4 7. Nxd4 O-O 8.
Nc2 d6 9. O-O Bd7 10. Rb1 a5 11. b3 Qe8 12. Re1 Nb4 13. Ne3 Bc6 14. a3 Bxg2 15.
Kxg2 Nc6 16. Ned5 Nxd5 17. Nxd5 Qd8 18. Bb2 e6 19. Bxg7 Kxg7 20. Nc3 Qe7 21.
Qd2 Rad8 22. e4 f5 23. f4 e5 24. Nd5 Qf7 25. Rbd1 fxe4 26. Rxe4 Qf5 27. Qe3
Rde8 28. Re1 Rf7 29. Qc3 Kg8 30. b4 axb4 31. axb4 Ref8 32. c5 dxc5 33. Qxc5 Ra8
34. Qc4 Kg7 35. b5 Na5 36. Qc3 Rc8 37. Qxa5 Rc2+ 38. Kg1 exf4 39. Qa1+ Kh6 40.
Nxf4 Qxb5 41. Qd4 Rd7 42. Qe3 Qc5 43. Qxc5 Rxc5 44. Ne6 Rh5 45. h4 Ra5 46. Kg2
Ra3 47. R1e3 Ra2+ 48. Kh3 b5 49. g4 g5 50. Nxg5 Kg6 51. Re6+ Kg7 52. Re7+ Rxe7
53. Rxe7+ Kg6 54. Nxh7 b4 55. h5+ Kh6 56. Rb7 b3 57. Rxb3 Rf2 58. Kg3 Rf1 59.
Rf3 Rg1+ 60. Kf4 Kxh7 61. Kg5 Ra1 62. Rf7+ Kg8 63. Rf5 Ra6 64. h6 Rb6 65. Kh5
1-0

[Event "SR 1. liga zapad 2011/2012"]
[Site "?"]
[Date "2012.03.03"]
[Round "10.1"]
[White "Rohacek, Miroslav"]
[Black "Drtina, Milan"]
[Result "1-0"]
[WhiteElo "2297"]
[BlackElo "2247"]
[PlyCount "177"]
[EventDate "2011.??.??"]

1. Nf3 Nf6 2. c4 d6 3. d4 g6 4. g3 Bg7 5. Bg2 O-O 6. O-O Nbd7 7. Nc3 c6 8. e4
Qc7 9. h3 e5 10. Be3 Re8 11. Re1 Nf8 12. d5 c5 13. Nd2 Bd7 14. a3 a6 15. b4 b6
16. Rb1 Reb8 17. Qe2 Qc8 18. Kh2 h6 19. Rb3 Ne8 20. f4 f6 21. Reb1 Nc7 22. Qf1
Nh7 23. Qc1 Bf8 24. Ne2 Ba4 25. R3b2 Bd7 26. Nf3 exf4 27. gxf4 Bg7 28. bxc5
bxc5 29. Rb6 Rxb6 30. Rxb6 Rb8 31. Qb1 Rxb6 32. Qxb6 Na8 33. Qa5 Bf8 34. Nc1
Be7 35. Nd3 g5 36. Bc1 Bd8 37. Qc3 Nb6 38. h4 g4 39. Nd2 Na4 40. Qc2 Be8 41.
Nf1 h5 42. Ng3 Nb6 43. Bb2 Qd7 44. Bf1 Qa4 45. Ne1 Qxc2+ 46. Nxc2 Nc8 47. Ne3
Ba5 48. Bd3 Bd2 49. Ngf1 Be1 50. Ng2 Ba5 51. Kg3 Ba4 52. Kf2 Be8 53. Ng3 Bg6
54. f5 Be8 55. Nf4 Bd2 56. Ngxh5 Kf7 57. Ne2 Ba4 58. Nhg3 Bb3 59. Nf1 Bh6 60.
Nc1 Bd1 61. Be2 Bc2 62. Ng3 Nb6 63. Na2 Bb3 64. Bc1 Bxc1 65. Nxc1 Bxc4 66. Bxg4
Bb5 67. Be2 Nf8 68. Na2 Nfd7 69. Nc3 Bxe2 70. Ngxe2 Ne5 71. Nf4 Nec4 72. Nb1 a5
73. Ne6 a4 74. Nc7 Ne5 75. Nc3 Nec4 76. N7b5 Ke7 77. Kg3 Ne5 78. Kf4 Nf7 79.
Kg4 Kf8 80. Kh5 Kg7 81. Nc7 Nd7 82. Nxa4 c4 83. Nc3 Nc5 84. Ne8+ Kh7 85. Nxf6+
Kg7 86. Ng4 Nd3 87. f6+ Kh7 88. Ne3 Nfe5 89. Kg5 1-0

[Event "SR 1. liga zapad 2011/2012"]
[Site "?"]
[Date "2012.03.03"]
[Round "10.2"]
[White "Bury, Rastislav"]
[Black "Kimerling, Martin"]
[Result "1-0"]
[WhiteElo "2173"]
[BlackElo "2015"]
[PlyCount "113"]
[EventDate "2011.??.??"]

1. d4 Nf6 2. Nf3 c5 3. g3 cxd4 4. Qxd4 Nc6 5. Qa4 g6 6. Bg2 Bg7 7. c4 O-O 8.
O-O d6 9. Nc3 Bd7 10. Qd1 Rc8 11. Bd2 Na5 12. b3 Bc6 13. Bh3 Bd7 14. Bg2 Bc6
15. Rc1 Ne4 16. Nxe4 Bxe4 17. Bh3 Bf5 18. Bxf5 gxf5 19. Qc2 e6 20. Qd3 Nc6 21.
Rfd1 Ne5 22. Nxe5 dxe5 23. Qe3 Qc7 24. Bb4 Rfd8 25. Qxa7 Re8 26. Rc2 Ra8 27.
Qc5 Qxc5 28. Bxc5 Rec8 29. Bb6 Ra6 30. Rd8+ Rxd8 31. Bxd8 Rd6 32. Ba5 b6 33.
Rd2 Rxd2 34. Bxd2 Bf6 35. Be3 Bd8 36. a4 Kf8 37. c5 bxc5 38. Bxc5+ Ke8 39. b4
Kd7 40. b5 Ba5 41. e3 Bd2 42. Bb6 Kc8 43. a5 Kb7 44. Bd8 Ka7 45. Kf1 f4 46. Ke2
fxg3 47. hxg3 Bb4 48. e4 f5 49. f3 h5 50. Kf2 f4 51. gxf4 exf4 52. Kg2 Be1 53.
a6 Bd2 54. Bc7 Be3 55. Kh3 Bf2 56. Bxf4 Kb6 57. Bb8 1-0

[Event "SR 1. liga zapad 2011/2012"]
[Site "?"]
[Date "2012.03.03"]
[Round "10.2"]
[White "Gabris, Ondrej"]
[Black "Pagerka, Martin"]
[Result "1/2-1/2"]
[WhiteElo "2146"]
[BlackElo "2200"]
[PlyCount "79"]
[EventDate "2011.??.??"]

1. e4 c5 2. d4 cxd4 3. c3 d3 4. Bxd3 d6 5. c4 Nf6 6. Nc3 e6 7. Be3 Be7 8. f4
Nc6 9. h3 a6 10. Nf3 d5 11. cxd5 exd5 12. e5 Nd7 13. O-O Nc5 14. Bc2 Nb4 15.
Bb1 Ne6 16. a3 d4 17. Nxd4 Bc5 18. Nf5 Bxe3+ 19. Nxe3 Qxd1 20. Rxd1 Nc6 21.
Ncd5 O-O 22. Nb6 Rb8 23. Ned5 Rd8 24. Ba2 Ned4 25. Nxc8 Rbxc8 26. Kf2 Kf8 27.
Rac1 Re8 28. Nb6 Rcd8 29. Rd2 g5 30. g3 h5 31. h4 gxf4 32. gxf4 f6 33. Rg1 fxe5
34. Rg8+ Ke7 35. Rg7+ Kf6 36. Rf7+ Kg6 37. Rxb7 Kf5 38. Nd5 Rf8 39. Rg7 Ke4 40.
Rg3 1/2-1/2

[Event "SR 1. liga zapad 2011/2012"]
[Site "?"]
[Date "2012.03.03"]
[Round "10.2"]
[White "Gasa, Andrej"]
[Black "Frindt, Kornel"]
[Result "1/2-1/2"]
[WhiteElo "2257"]
[BlackElo "2223"]
[PlyCount "107"]
[EventDate "2011.??.??"]

1. e4 c5 2. Nf3 Nc6 3. d4 cxd4 4. Nxd4 Nf6 5. Nc3 e5 6. Ndb5 d6 7. Bg5 a6 8.
Na3 b5 9. Nd5 Be7 10. Bxf6 Bxf6 11. c3 Bg5 12. Nc2 O-O 13. a4 bxa4 14. Rxa4 a5
15. Bc4 Bd7 16. Ra2 Rc8 17. b3 Ne7 18. Nxe7+ Bxe7 19. Ne3 Bc6 20. Qd3 g6 21.
O-O Bg5 22. Rfa1 Bxe3 23. Qxe3 Ra8 24. b4 axb4 25. Rxa8 Bxa8 26. cxb4 Qc7 27.
Bd3 Qc3 28. Rb1 d5 29. exd5 Bxd5 30. Bf1 Qxe3 31. fxe3 Rc8 32. Rb2 Kf8 33. b5
Ke7 34. Kf2 Kd6 35. Rd2 Ke6 36. g3 f5 37. Bd3 Rc3 38. Be2 Rb3 39. Rc2 Kd6 40.
Bf1 Rb4 41. Be2 Rb1 42. Bf1 Ra1 43. Rb2 Ra2 44. Rxa2 Bxa2 45. h4 Kc5 46. e4 Be6
47. Ke3 Bd7 48. exf5 gxf5 49. Bd3 e4 50. Bc2 h6 51. g4 fxg4 52. Bxe4 Kxb5 53.
Kf4 Kc4 54. Kg3 1/2-1/2

[Event "SR 1. liga zapad 2011/2012"]
[Site "?"]
[Date "2012.03.03"]
[Round "10.2"]
[White "Hajek, Lukas"]
[Black "Polasek, Filip"]
[Result "1-0"]
[WhiteElo "2038"]
[BlackElo "2123"]
[PlyCount "47"]
[EventDate "2011.??.??"]

1. d4 d5 2. c4 e6 3. Nc3 Nf6 4. cxd5 exd5 5. Bg5 Nbd7 6. e3 Be7 7. Bd3 O-O 8.
Nge2 c6 9. Qc2 h6 10. Bh4 Nb6 11. O-O Re8 12. f3 Be6 13. Rad1 Rc8 14. Kh1 c5
15. Qb1 Nfd7 16. Bg3 Bf6 17. Nb5 c4 18. Bc2 Be7 19. Nxa7 Ra8 20. Nb5 Rf8 21.
Nc7 Ra7 22. Nf4 Qc8 23. Ncxe6 fxe6 24. Bh7+ 1-0

[Event "SR 1. liga zapad 2011/2012"]
[Site "?"]
[Date "2012.03.03"]
[Round "10.2"]
[White "Janos, Ivan"]
[Black "Cajka, Tibor"]
[Result "0-1"]
[WhiteElo "2142"]
[BlackElo "2140"]
[PlyCount "112"]
[EventDate "2011.??.??"]

1. e4 c5 2. Nf3 d6 3. d4 cxd4 4. Nxd4 Nf6 5. Nc3 a6 6. Be3 e5 7. Nb3 Be6 8. f3
Nbd7 9. Qd2 b5 10. a4 b4 11. Na2 a5 12. Bb5 Be7 13. Rd1 O-O 14. Bc6 Rc8 15. Bb7
Rb8 16. Bd5 Bxd5 17. exd5 Qc7 18. O-O Rfc8 19. h3 Nb6 20. Bxb6 Qxb6+ 21. Qf2
Rxc2 22. Qxb6 Rxb6 23. Nxa5 Rc5 24. Nc6 Nxd5 25. Rxd5 Rcxc6 26. Rc1 Rxc1+ 27.
Nxc1 Ra6 28. a5 Bd8 29. Nb3 Kf8 30. Kf1 Ke7 31. Rb5 Ra7 32. Ke2 Ke6 33. Kd3 d5
34. Rxb4 Bxa5 35. Nc5+ Kd6 36. Nb7+ Kc6 37. Nxa5+ Rxa5 38. Rb8 Rb5 39. Rg8 g6
40. Rc8+ Kd7 41. Rc2 Rb3+ 42. Ke2 f5 43. Rd2 Kd6 44. Kd1 Kc5 45. Kc2 Rb4 46.
Re2 e4 47. Re1 Kd4 48. Rd1+ Ke5 49. f4+ Kd6 50. Ra1 Kc5 51. Ra7 Kd4 52. Rxh7
Ke3 53. Rd7 d4 54. Rd6 d3+ 55. Kc1 Rc4+ 56. Kd1 Ra4 0-1

[Event "SR 1. liga zapad 2011/2012"]
[Site "?"]
[Date "2012.03.03"]
[Round "10.2"]
[White "Meszaros, Michal"]
[Black "Tibensky, Robert"]
[Result "1/2-1/2"]
[WhiteElo "2377"]
[BlackElo "2410"]
[PlyCount "47"]
[EventDate "2011.??.??"]

1. d4 g6 2. c4 Bg7 3. g3 Nf6 4. Bg2 O-O 5. Nf3 d6 6. O-O c6 7. Nc3 Qa5 8. e4
Bg4 9. h3 Bxf3 10. Qxf3 e5 11. d5 cxd5 12. cxd5 Nbd7 13. Bg5 Rfc8 14. a3 Ne8
15. Rfc1 Bf6 16. Be3 Qd8 17. h4 Be7 18. Bh3 Ndf6 19. Qe2 Rc7 20. f3 a6 21. b4
Rac8 22. Qd2 Rc4 23. Bf1 R4c7 24. Bh3 1/2-1/2

[Event "SR 1. liga zapad 2011/2012"]
[Site "?"]
[Date "2012.03.03"]
[Round "10.2"]
[White "Spacek, Oliver"]
[Black "Syrovy, Ivan"]
[Result "1/2-1/2"]
[WhiteElo "1907"]
[BlackElo "2047"]
[PlyCount "97"]
[EventDate "2011.??.??"]

1. d4 g6 2. c4 Bg7 3. Nc3 f5 4. Nf3 Nf6 5. g3 b6 6. Bg2 Bb7 7. O-O O-O 8. e3 e6
9. b3 Na6 10. Bb2 Nb4 11. a3 Nc6 12. Qc2 d5 13. Ne2 Ne4 14. Rfd1 Qe7 15. b4 g5
16. Ne5 Nxe5 17. dxe5 dxc4 18. Qxc4 Rfd8 19. f4 h6 20. Rac1 Rxd1+ 21. Rxd1 Rc8
22. Nc3 Nxc3 23. Bxc3 Bxg2 24. Kxg2 c5 25. Rd6 Kf7 26. e4 Bf8 27. Kf2 Qe8 28.
b5 Bxd6 29. exd6 Rd8 30. Be5 Kg6 31. a4 Qf7 32. Ke3 gxf4+ 33. gxf4 Kh7 34. Qf1
Qh5 35. exf5 exf5 36. Qg2 Rd7 37. Kd2 Qf7 38. Kc3 Qe6 39. Qc6 Kg6 40. Qg2+ Kh7
41. Qc6 Qf7 42. Qg2 Rd8 43. Qc6 Kg8 44. Qc7 Qd7 45. Qc6 Kf8 46. Qd5 Qf7 47. Qg2
Rc8 48. Qh3 Qe6 49. Qg2 1/2-1/2

[Event "SR 1. liga zapad 2011/2012"]
[Site "?"]
[Date "2012.03.03"]
[Round "10.2"]
[White "Srna, Jan"]
[Black "Jozefek, Michal"]
[Result "0-1"]
[WhiteElo "2002"]
[BlackElo "1910"]
[PlyCount "50"]
[EventDate "2011.??.??"]

1. d4 Nf6 2. Nf3 e6 3. a3 c5 4. e3 b6 5. b3 cxd4 6. exd4 Bb7 7. Bb2 Be7 8. Bd3
O-O 9. O-O d6 10. Re1 Nbd7 11. c4 Re8 12. Nc3 d5 13. Rc1 Rc8 14. Qe2 Bf8 15. h3
Nh5 16. g3 Nhf6 17. Bb1 dxc4 18. bxc4 Bxf3 19. Qxf3 Rxc4 20. Nb5 Rxc1 21. Rxc1
Qb8 22. Rc7 a5 23. g4 h6 24. h4 Rd8 25. Rb7 Qa8 {time} 0-1

[Event "SR 1. liga zapad 2011/2012"]
[Site "?"]
[Date "2012.03.03"]
[Round "10.3"]
[White "Belak, Stefan"]
[Black "Marko, Anton"]
[Result "1/2-1/2"]
[WhiteElo "1996"]
[BlackElo "2127"]
[PlyCount "76"]
[EventDate "2011.??.??"]
[TimeControl "180"]

1. c4 e5 2. a3 Nf6 3. d3 g6 4. Nf3 d6 5. g3 Bg7 6. Bg2 O-O 7. O-O Nc6 8. Nc3 h6
9. b4 e4 10. dxe4 Nxe4 11. Nxe4 Bxa1 12. b5 Ne5 13. Bxh6 Nxf3+ 14. Bxf3 Bg7 15.
Bg5 f6 16. Be3 Be6 17. Qd3 Qd7 18. Nc3 c6 19. Rd1 f5 20. Bf4 Qf7 21. bxc6 bxc6
22. Bxc6 Rac8 23. Bd5 Bxc3 24. Bxe6 Qxe6 25. Qxc3 Rxc4 26. Qa5 Rc6 27. Qxa7
Qxe2 28. Qd4 Qe6 29. Qb4 Rd8 30. Qb7 d5 31. Bh6 Qd7 32. Qb2 Kh7 33. Rxd5 Kxh6
34. Rxd7 Rxd7 35. Qh8+ Rh7 36. Qf8+ Rg7 37. Qh8+ Rh7 38. Qf8+ Rg7 1/2-1/2

[Event "SR 1. liga zapad 2011/2012"]
[Site "?"]
[Date "2012.03.03"]
[Round "10.3"]
[White "Dobrotka, Martin"]
[Black "Jakubek, Peter"]
[Result "1/2-1/2"]
[WhiteElo "2259"]
[BlackElo "2144"]
[PlyCount "71"]
[EventDate "2011.??.??"]
[TimeControl "180"]

1. d4 d5 2. c4 e6 3. Nf3 Nf6 4. Nc3 c5 5. e3 Nc6 6. Be2 cxd4 7. exd4 dxc4 8.
Bxc4 Be7 9. O-O O-O 10. Bg5 Nd5 11. Bxe7 Nxc3 12. Bxd8 Nxd1 13. Rfxd1 Rxd8 14.
Rd2 Na5 15. Rc1 Bd7 16. Be2 Rac8 17. Rdc2 Rxc2 18. Rxc2 Rc8 19. Rxc8+ Bxc8 20.
Kf1 Kf8 21. Ke1 Ke7 22. Kd2 Bd7 23. Ne5 Be8 24. Kc3 Kd6 25. Bh5 g6 26. Bf3 f6
27. Ng4 Ke7 28. Ne3 Nc6 29. d5 exd5 30. Nxd5+ Kf7 31. Nc7 Bd7 32. Bd5+ Ke7 33.
Bg8 Kf8 34. Bd5 Ke7 35. Bg8 Kf8 36. Bd5 1/2-1/2

[Event "SR 1. liga zapad 2011/2012"]
[Site "?"]
[Date "2012.03.03"]
[Round "10.3"]
[White "Gazik, Viktor"]
[Black "Kvassay, Peter"]
[Result "1-0"]
[WhiteElo "1977"]
[BlackElo "2080"]
[PlyCount "143"]
[EventDate "2011.??.??"]
[TimeControl "180"]

1. e4 e5 2. Nf3 Nc6 3. Bc4 Nf6 4. d3 Be7 5. c3 O-O 6. Bb3 d5 7. exd5 Nxd5 8. h3
Be6 9. O-O Qd7 10. Re1 Bf6 11. Na3 Rfe8 12. Bc2 Rad8 13. Be3 Bf5 14. Qd2 Nxe3
15. Rxe3 e4 16. dxe4 Qxd2 17. Nxd2 Rxd2 18. exf5 Red8 19. Rae1 Kf8 20. Bb3 a6
21. Nc4 R2d3 22. Bc2 Rxe3 23. Nxe3 b5 24. Be4 Ne7 25. Kf1 Ke8 26. Ng4 Rd6 27.
Ke2 Bg5 28. Rd1 Rxd1 29. Kxd1 h6 30. Kc2 f6 31. Kb3 Kd7 32. Kb4 Bc1 33. b3 Nc6+
34. Kc5 Nb8 35. Ne3 Bd2 36. Nd1 Bf4 37. b4 Bd6+ 38. Kd4 Be5+ 39. Kd3 Nc6 40.
Ne3 Bd6 41. Kc2 Nd8 42. g3 c6 43. Kd2 Nb7 44. Nc2 Nd8 45. a3 c5 46. f4 Nc6 47.
Ke3 a5 48. Bd3 axb4 49. axb4 cxb4 50. Bxb5 Bc5+ 51. Kd3 bxc3 52. Kxc3 Kd6 53.
Bxc6 Kxc6 54. Kc4 Kd6 55. Nd4 Bxd4 56. Kxd4 Kc6 57. g4 Kd6 58. h4 Kc6 59. g5
Kd6 60. Ke4 Kc5 61. Kf3 Kd4 62. Kg4 Ke4 63. gxh6 gxh6 64. Kh5 Kxf5 65. Kxh6
Kxf4 66. Kg6 Kg4 67. h5 f5 68. h6 f4 69. h7 f3 70. h8=Q f2 71. Qh1 Kg3 72. Kf5
1-0